Tiempo y asentamiento en Xochicalco (notice nᵒ 612)
[ vue normale ]
| 000 -Sello discográfico | |
|---|---|
| campo de control de longitud fija | 01230nam a2200349 4500 |
| 005 - Identificación de versión | |
| campo de control | 20251016082327.0 |
| 010 ## - Número Estándar Internacional de Libros (ISBN) | |
| Número (ISBN) | 968-36-0345-9 |
| 035 ## - Otros números de control del sistema | |
| Número de control del sistema | 18720 |
| 099 ## - fechas locales | |
| Tipo de ítem Koha | LIBRO |
| 100 ## - Datos de procesamiento general | |
| Datos de procesamiento general | 19951026d1988 m y1spay5003 ba |
| 105 ## - Campo de datos codificados: Material textual, monográfico | |
| Datos codificados de monografía | a 001zy |
| 200 1# - Título y mención de responsabilidad | |
| Título propio | Tiempo y asentamiento en Xochicalco |
| Designación general del material | texto impreso |
| Primer mención de responsabilidad | Kenneth G. Hirth, Ann Cyphers Guillén |
| 205 ## - Declaración de edición | |
| Declaración de edición | 1a ed |
| 210 ## - Publicación, distribución, etc. | |
| Lugar de publicación, distribución, etc. | México |
| Nombre del editor, distribuidor, etc. | Universidad Nacional Autónoma de México, Instituto de Investigaciones Antropológicas |
| Fecha de publicación, distribución, etc. | 1988 |
| 215 ## - Descripción física | |
| Designación de material específico y extensión del ítem | 206 p |
| Otras características físicas | il. |
| Dimensiones | 28 cm |
| 345 ## - Nota de información de adquisición | |
| Fuente de adquisición/dirección de la suscripción [OBSOLETO] | Donación de la UNAM |
| 410 #1 - Series | |
| Título | Arqueología |
| Nombre de parte o sección | Serie Monografías |
| Número de volumen | 1 |
| 606 ## - Término temático usado como materia | |
| Elemento de entrada | Ciudades y pueblos antiguos |
| Subdivisión geográfica | Xochicalco, Morelos (México) |
| Número Koha | 1767 |
| 606 ## - Término temático usado como materia | |
| Elemento de entrada | Indios de México |
| Subdivisión temática | Arquitectura |
| Número Koha | 1768 |
| 606 ## - Término temático usado como materia | |
| Elemento de entrada | Indios de México |
| Subdivisión geográfica | Alfarería |
| Número Koha | 1769 |
| 607 ## - Nombre geográfico utilizado como tema | |
| Elemento de entrada | México |
| Subdivisión temática | Historia |
| Subdivisión cronológica | Hasta 1519 |
| Subdivisión temática | Fuentes |
| Número Koha | 1662 |
| 660 ## - Código de área geográfica | |
| Código | MX |
| 700 ## - Nombre personal - Responsabilidad primaria | |
| Elemento de entrada | Hirth |
| Parte del nombre distinta del elemento de entrada | Kenneth G. |
| Fechas | 1949- |
| Número Koha | 1770 |
| 701 ## - Nombre personal - Responsabilidad alternativa | |
| Elemento de entrada | Cyphers Guillén |
| Parte del nombre distinta del elemento de entrada | Ann Marie |
| Fechas | 1950-2023 |
| Número Koha | 1455 |
| 801 #0 - Fuente de origen | |
| Agencia | cm |
| 900 ## - | |
| -- | 1/12057 |
| 900 ## - | |
| -- | 71095968\\\261095 |
| 942 ## - ELEMENTOS DE ENTRADA SECUNDARIOS (KOHA) | |
| Tipo de ítem Koha | Livre |
| 996 ## - | |
| -- | MEX |
| -- | 751145101 |
| -- | MMAG |
| -- | 012844 |
| -- | 913.72 H671T |
| -- | 20250403LIV |
| Estatus retirado | Estado de daño | Estado de pérdida | Fecha de adquisición | Biblioteca de origen | Biblioteca actual | Ubicación en estantería | Código de barras | Precio de reemplazo | Signatura topográfica completa | No para préstamo | Tipo de ítem Koha | Nota pública | Nota no pública |
|---|---|---|---|---|---|---|---|---|---|---|---|---|---|
| 05/08/2025 | Casa México Paris | Casa México Paris | 012844 | 05/08/2025 | 913.72 H671T | Livre | 20250403LIV | 751145101 |